Quizzes
Events
Quiz Creation
Community
Videos
Private Events
Remove Ads
Sign In
Join for FREE
Feedback
Dark Mode
Quiz Categories
Sports
Geography
Music
Movies
Television
Just For Fun
Miscellaneous
History
Literature
Language
Science
Gaming
Entertainment
Religion
Holiday
For Kids
Quiz Lab
Recent
Popular Today
Quiz Kudos Today
Editor Picks
Curator Picks
Quizzes by...
Day
Popularity
Type
Ratings
Length
Year
Community
Subscriptions
Recent Discussions
Orange Saloon
Badges
Playlists
Quests
Create
Leaderboards
Showdown
Live 5
Trivia Bingo
Activity
Puzzle Library
Sporcle Events
Private Events
Virtual Trivia
Globe League
Become a Host
Pub Owners
SporcleCon
Opinionation
Our Games
Videos
Blog
Mobile Apps
Partnerships
Remove Ads and Go Orange
Feedback
Sports
Athletes
MLB
NBA
NHL
NFL
Soccer
Sports Teams
WWE
NCAA
Football
Premier League
Basketball
Baseball
Hockey
Golf
Tennis
Cricket
Rugby
Auto Racing
Olympics
World Cup
Sports
Athletes
MLB
NBA
NHL
NFL
Soccer
Sports Teams
WWE
NCAA
Football
Premier League
Basketball
Baseball
Hockey
Golf
Tennis
Cricket
Rugby
Auto Racing
Olympics
World Cup
Random Quiz
Search Sporcle
×
Quiz Lab
Quiz Lab
Sports
UCI Road
Type in answers that appear in a list
Type in answers that appear in a list
Classic
Best Score? Go Orange.
Top 10 rwandan cyclists per year Stats
Can you name the Top 10 rwandan cyclists per year?
By
gaston21
8m
120 Questions
42 Plays
42 Plays
42 Plays
Comments
Comments
Give Quiz Kudos
Give Quiz Kudos
-
- Ratings
hide this ad
Replay
Link that replays current quiz
Next Quiz
Link to next quiz in quiz playlist
You Got
0%
They Got
Avg Score
37%
Avg Friend Score
Upgrade to see
Score Distribution
Jump to the score distribution portion of the page
Score
0/120
Timer
08:00
0
Plays Today
Year
Answer
% Correct
2019
Joseph Areruya
92%
2020
Joseph Areruya
90.9%
2018
Joseph Areruya
90.3%
2021
Joseph Areruya
87.5%
2015
Joseph Areruya
85.7%
2016
Joseph Areruya
85.7%
2017
Joseph Areruya
85.7%
2019
Moise Mugisha
84%
2019
Samuel Mugisha
84%
2020
Moise Mugisha
81.8%
2020
Samuel Mugisha
81.8%
2011
Adrien Niyonshuti
81%
2012
Adrien Niyonshuti
81%
2013
Adrien Niyonshuti
81%
2014
Adrien Niyonshuti
81%
2015
Adrien Niyonshuti
81%
2016
Adrien Niyonshuti
81%
2017
Adrien Niyonshuti
81%
2018
Samuel Mugisha
77.4%
2021
Moise Mugisha
75%
2021
Samuel Mugisha
75%
2020
Jean Eric Habimana
72.7%
2019
Valens Ndayisenga
72%
2018
Jean Bosco Nsengimana
71%
2019
Patrick Byukusenge
68%
2013
Jean Bosco Nsengimana
66.7%
2014
Jean Bosco Nsengimana
66.7%
2015
Jean Bosco Nsengimana
66.7%
2016
Jean Bosco Nsengimana
66.7%
2017
Jean Bosco Nsengimana
66.7%
2012
Valens Ndayisenga
64.3%
2012
Janvier Hadi
64.3%
2013
Janvier Hadi
64.3%
2013
Valens Ndayisenga
64.3%
2014
Valens Ndayisenga
64.3%
2014
Janvier Hadi
64.3%
2015
Janvier Hadi
64.3%
2015
Valens Ndayisenga
64.3%
2016
Valens Ndayisenga
64.3%
2017
Valens Ndayisenga
64.3%
Year
Answer
% Correct
2021
Jean Eric Habimana
62.5%
2021
Jean Bosco Nsengimana
62.5%
2018
Patrick Byukusenge
61.3%
2011
Nathan Byukusenge
59.5%
2012
Nathan Byukusenge
59.5%
2013
Nathan Byukusenge
59.5%
2018
Jean Cloude Uwizeye
58.1%
2018
Gasore Hategeka
58.1%
2013
Patrick Byukusenge
57.1%
2014
Patrick Byukusenge
57.1%
2017
Patrick Byukusenge
57.1%
2019
Didier Munyaneza
56%
2019
Bonaventure Uwizeyimana
56%
2019
Eric Manizabayo
56%
2019
Jean Claude Nzafashwanayo
56%
2018
Bonaventure Uwizeyimana
54.8%
2020
Eric Manizabayo
54.5%
2011
Gasore Hategeka
52.4%
2012
Gasore Hategeka
52.4%
2013
Gasore Hategeka
52.4%
2013
Bonaventure Uwizeyimana
52.4%
2014
Bonaventure Uwizeyimana
52.4%
2015
Bonaventure Uwizeyimana
52.4%
2016
Bonaventure Uwizeyimana
52.4%
2016
Gasore Hategeka
52.4%
2017
Bonaventure Uwizeyimana
52.4%
2017
Gasore Hategeka
52.4%
2018
Didier Munyaneza
51.6%
2014
Jean Cloude Uwizeye
50%
2016
Jean Cloude Uwizeye
50%
2017
Jean Cloude Uwizeye
50%
2021
Eric Manizabayo
50%
2022
Moise Mugisha
50%
2022
Jean Bosco Nsengimana
50%
2020
Didier Munyaneza
45.5%
2020
Patrick Byukusenge
45.5%
2021
Patrick Byukusenge
37.5%
2011
Abraham Ruhumuriza
33.3%
2012
Abraham Ruhumuriza
33.3%
2013
Abraham Ruhumuriza
33.3%
Year
Answer
% Correct
2014
Abraham Ruhumuriza
33.3%
2015
Abraham Ruhumuriza
33.3%
2016
Abraham Ruhumuriza
33.3%
2019
Jean Damascene Ruberwa
32%
2017
Jean Damascene Ruberwa
28.6%
2015
Camera Hakuzimana
26.2%
2016
Camera Hakuzimana
26.2%
2018
Jean Paul René Ukiniwabo
25.8%
2011
Emile Bintunimana
23.8%
2012
Emile Bintunimana
23.8%
2014
Emile Bintunimana
23.8%
2015
Emile Bintunimana
23.8%
2018
Mathieu Twizerane
22.6%
2011
Joseph Biziyaremye
21.4%
2012
Joseph Biziyaremye
21.4%
2013
Joseph Biziyaremye
21.4%
2014
Joseph Biziyaremye
21.4%
2015
Joseph Biziyaremye
21.4%
2016
Joseph Biziyaremye
21.4%
2020
Renus Byiza Uhiriwe
18.2%
2020
Shem Nsengiyumva
18.2%
2020
Bernabe Gahemba
18.2%
2017
Samuel Hakiruwizeye
14.3%
2021
Eric Muhoza
12.5%
2021
Shem Nsengiyumva
12.5%
2021
Barnabé Gahemba
12.5%
2011
Nicodem Habiyambere
11.9%
2011
Obedi Ruvogera
11.9%
2011
Emanuel Rudahunga
11.9%
2011
Rafiki Uwimana
11.9%
2012
Emanuel Rudahunga
11.9%
2012
Nicodem Habiyambere
11.9%
2022
Eric Manizabayo
0%
2022
Eric Muhoza
0%
2022
Emmanuel Iradukunda
0%
2022
Didier Munyaneza
0%
2022
Renus Byiza Uhiriwe
0%
2022
Paul Uwiduhaye
0%
2022
Swayibu Kagibwami
0%
2022
Jean Claude Nzafashwanayo
0%
Quiz Playlist
Details
Report
Send in Message
Add To Playlist
Classic:
Type in answers that appear in a list
Last Updated: Jun 14, 2018
Quiz Scoreboard
CHALLENGE
Sign Up to Join the Scoreboard
Show All
Scores
Hide
Comments
May contain spoilers
Recently Published
College Basketball Coaching Resumes
by pancakes188
Sports
9m
Billboard Blitz: Fleetwood Mac
by CooCooCachoo
Music
15s
Presidents Visiting Landmarks
by Hejman
History
7m
More to Explore
Quiz From the Vault
Featured Blog Post
Where Did the Easter Bunny Come From?
hide this ad
You Might Also Like...
Tags
Cycling
Cyclist
Rwanda
uci
UCI Cycling
UCI Overall
UCI Road
Today's Top Quizzes in Sports
Browse Sports
hide this ad
Top Contributed Quizzes in Sports
1
2022 World Cup Stars
2
Les meilleurs buteurs des matchs entre le PSG et l’OM
3
FIFA Club World Cup Champions
4
Les entraîneurs de l'OM et du PSG au 21e siècle
5
Criteria MLB: Left Handed Sluggers
6
AFC Teams Reveal (Wrong Answers Minefield)
7
2023 MLB Unique Player Accomplishments
8
Players with Multiple 50 Home Run Seasons
9
5-to-1: FBS Animal Nicknames
10
5-to-1: UK Sports Teams
Explore More
Trending Topics
NBA
Anime
Harry Potter
Marvel
Kpop
Crossword
Disney
Soccer
NFL
Puzzle
Country
WWE
The Office
Pokémon
Song
hide this ad
More By:
gaston21
Quiz
Plays
Rating
Category
Featured
Created
Top 10 colombian cyclists per year
715
5.00
Sports
Dec 10, 2017
Top 10 danish cyclists per year
695
5.00
Sports
Dec 11, 2017
Top 10 portuguese cyclists per year
400
Sports
Nov 19, 2017
Top 10 polish cyclists per year
350
4.00
Sports
Nov 19, 2017
Top 10 austrian cyclists per year
344
5.00
Sports
Nov 18, 2017
Go to Creator's Profile
Score Distribution
Quiz Creator Spotlight
gaston21
Follow
Send a Message
Quizzes Created
-
Created Quiz Play Count
-
More By This Creator
Popular Quizzes Today
1
Find the US States - No Outlines Minefield
2
Find the Countries of Europe - No Outlines Minefield
3
The Countries of the World
4
Find the US States
5
Risky Map Clicking: Biggest States A-Z
6
US States
7
Popular People in 1961
8
Movies - When Are They Set?
More Sports Quizzes
Big Five Top Scorers 2011-2012
Curator's Pick
Trending Quizzes
Risky Map Clicking: Least Populous States A-Z
1-10 Letter G Words
1-10 Letter F Words
Risky Map Clicking: Next State Alphabetically
Risky Map Clicking: Biggest States A-Z
Recently Updated
Leaping Animals
pecheneg
Reality TV Shows (A-Z)
bhenderson79
Rickey Henderson's Hall of Fame Teammates
pecheneg
Champions League XIs: Arsenal
pecheneg
Quick Pick: Celebrities in WWE's Hall of Fame
aduchscher
A-Z Keypad Blitz II
pecheneg
Multiple Oscar Actors
pecheneg
Mystery Phrase Blitz: Oscar 'Best Actors'
pecheneg
F. Scott Fitzgerald Novels
LTH
Pick 3 Villains
ddd62291
Trending Topics
Crossword
Kpop
Marvel
Anime
Disney
NBA
Harry Potter
Pokémon
Song
Soccer
The Office
Puzzle
Country
NFL
WWE
Your Account Isn't Verified!
In order to create a playlist on Sporcle, you need to verify the email address you used during registration. Go to your
Sporcle Settings
to finish the process.
Report this User
Report this user for behavior that violates our
Community Guidelines
.
Details:
Send Report
Go to the Sporcle.com Mobile Site →
Comments